Central Library OPAC University of Rajshahi

Classical drama and its influence : (Record no. 21538)

MARC details
000 -LEADER
fixed length control field 01851nam a22002891 4500
001 - CONTROL NUMBER
control field 21538
003 - CONTROL NUMBER IDENTIFIER
rucl marc code BD-RjUL
005 - DATE AND TIME OF LATEST TRANSACTION
control field 20211209000710.0
008 - FIXED-LENGTH DATA ELEMENTS--GENERAL INFORMATION
fixed length control field 140304s1965 enka 000 0 eng
035 ## - SYSTEM CONTROL NUMBER
System control number (BD-RjUL)21602
System control number (OCoLC)1027723
040 ## - CATALOGING SOURCE
Original cataloging agency DLC
Transcribing agency OAU
Modifying agency BD-RjUL
Language of cataloging eng
041 ## - LANGUAGE CODE
Language code of text/sound track or separate title eng
082 04 - DEWEY DECIMAL CLASSIFICATION NUMBER
Edition number 21
Classification number 882.0109
Author mark and year CLA 1965
245 10 - TITLE STATEMENT
Title Classical drama and its influence :
Remainder of title essays presented to H.D.F. Kitto. /
Statement of responsibility, etc. Edited by M.J. Anderson.
260 ## - PUBLICATION, DISTRIBUTION, ETC. (IMPRINT)
Place of publication, distribution, etc. London :
Name of publisher, distributor, etc. Methuen And Co ltd.,
Date of publication, distribution, etc. c1965.
300 ## - PHYSICAL DESCRIPTION
Pagination ix, 277 p. :
Size 23 cm.
Illustrations ill. ;
505 0# - FORMATTED CONTENTS NOTE
Formatted contents note The poet and the mask, by T.B.L. Webster.--The chorus in the action of Greek tragedy, by A.M. Dale.--Tragedy and Greek archaic thought, by R.P. Winnington-Ingram.--Homer and Sophocles' Ajax, by G. Kirkwood.--Aristophanes: Originality and convention, by R. Harriott.--The vulgarity of tragedy, by L. Aylen.--Plautus, Terence and Seneca: a comparison of aims and methods, by W. Beare.--The Spanish tragedy and Hamlet: two exercises in English Seneca, by B.L. Joseph.--Towards a definition of form in drama, by H. Heffner.--Neo-classical drama and the Reformation in England, by G. Wickham.--Racine's response to the stagecraft of Attic tragedy as seen in his annotations, by W. McC. Stewart.--The classical tradition in Spanish dramatic theory and practice in the 17th century, by Duncan Moir.--The naturalist and the critical view of drama, by E.B. Pettet.--The fair theatres of Paris in the 18th century: The undermining of the classical ideal, by O.G. Brockett.
650 #0 - SUBJECT ADDED ENTRY--TOPICAL TERM
Topical term or geographic name as entry element Classical drama
General subdivision History and criticism.
9 (RLIN) 66519
Topical term or geographic name as entry element Mythology, Classical, in literature.
9 (RLIN) 66520
Topical term or geographic name as entry element Drama.
9 (RLIN) 66521
700 1# - ADDED ENTRY--PERSONAL NAME
Personal name Anderson, Michael John
Personal name Kitto, H. D. F.
942 ## - ADDED ENTRY ELEMENTS (KOHA)
Source of classification or shelving scheme Dewey Decimal Classification
Koha item type Books
Holdings
Lost status Source of classification or shelving scheme Damaged status Not for loan Collection code Permanent Location Current Location Shelving location Date acquired Source of acquisition Cost, normal purchase price Total Checkouts Full call number Date last seen Copy number Koha item type
  Dewey Decimal Classification   Added to bundle Fiction Central Library, University of Rajshahi Central Library, University of Rajshahi Reading Room 19/04/1967 Blackwell 36.00   882.0109 CLA 1965 04/03/2014 C-1 Books